000 00500nam a22001937a 4500
999 _c6898
_d6898
003 OSt
005 20210505115619.0
008 210505b ||||| |||| 00| 0 eng d
020 _a47195960x
040 _cMUST
082 _a330.015 WON 1998
245 _aEconometrics
250 _a2nd ed.
260 _aNew York:
_bJohn Wiley;
_c1998
300 _aix, 445p. ;
_b ill. ;
_c24 cm
504 _aIncludes bibliographical references and index.
650 _aEconometrics.
_914148
942 _2z
_cBOOK